| 000 | 01085nam a2200193Ia 4500 | ||
|---|---|---|---|
| 999 |
_c9254 _d9254 |
||
| 005 | 20230912095043.0 | ||
| 008 | 230906s9999 xx 000 0 und d | ||
| 040 |
_aUPAN _cBiblioteca San Vicente _eRCAA2 |
||
| 041 | _aspa | ||
| 082 |
_a157.92 _bF363p _c1981 |
||
| 100 |
_aFernández Ballesteros, Rocío _4aut. |
||
| 245 | 0 |
_aPsicodiagnóstico: _bConcepto y metodología/ _cRocío Fernández Ballesteros |
|
| 250 | _as/d | ||
| 260 |
_aMadrid: _cs.n. |
||
| 300 |
_a196 p.; _c24 cm. |
||
| 505 | _aPrólogo. Prólogo a la segunda Edición. Introducción Primera Parte: Concepto de Psicodiagnóstico. (Concepto Histórico) 1.Fuentes del psicodiagnóstico. 2. El psicodiagnóstico como disciplina científica. 3. Repercusiones sociales del Psicodiagnóstico. (Concepto sistemático) 4. Perspectivas de definición. 5. Hacia un modelo de psicodiagnóstico Segunda Parte: metodología en psicodiagnóstico. 6. Alternativas. 7. Los métodos. 8. Las Técnicas. Epílogo. Futuro de la metodología en psicodiagnóstico. Bibliografía | ||
| 650 |
_2LEMB _xPsicodiagnóstico |
||
| 942 |
_cBK _2ddc |
||